Statistics for Words Pertaining to Things #1

Click here to take the quiz!

General Stats

  • This quiz has been taken 44,632 times
  • The average score is 16 of 24

Answer Stats

WordPertains to …% Correct
SolarSun
99%
OpticEye
97%
FeminineWomen
97%
FelineCats
96%
PaternalFather
91%
BotanicalPlants
89%
RegalRoyalty
86%
StellarStars
86%
DomesticHome
77%
PapalPope
76%
SeismicEarthquakes
75%
AvianBirds
72%
NuptialMarriage
71%
NatalBirth
62%
ImperialEmpire
57%
RenalKidneys
55%
TactileTouch
54%
SimianApes
49%
PneumaticAir
48%
CutaneousSkin
43%
PedagogicEducation
39%
CorporealBody
38%
GustatoryTaste
26%
SylvanForest
24%

Score Distribution

Percentile by Number Answered

Percent of People with Each Score

Your Score History

You have not taken this quiz